| 000 | 00000nam 2200000zi 4500 |
| 001 | 9.945449 |
| 003 | CaOODSP |
| 005 | 20241122114115 |
| 006 | m o d f |
| 007 | cr mn||||||||| |
| 008 | 241122t19921992onco o f000 0|eng d |
| 020 | |z0662591216 |
| 040 | |aCaOODSP|beng|erda|cCaOODSP |
| 043 | |an-cn--- |
| 086 | 1 |aCo22-116/1992E-PDF|zCo22-116/1992 |
| 245 | 00|aSpectrum management in Canada. |
| 264 | 1|a[Ottawa] : |bCommunications Canada, |c[1992]. |
| 264 | 4|c©1992 |
| 300 | |a1 online resource (8 unnumbered pages) : |bphotographs |
| 336 | |atext|btxt|2rdacontent |
| 337 | |acomputer|bc|2rdamedia |
| 338 | |aonline resource|bcr|2rdacarrier |
| 500 | |aDigitized edition from print [produced by Innovation, Science and Economic Development Canada]. |
| 500 | |aIssued also in French under title: La gestion du spectre au Canada. |
| 650 | 0|aBroadcasting|zCanada. |
| 650 | 0|aTelecommunication|zCanada. |
| 710 | 1 |aCanada. |bCommunications Canada, |eissuing body. |
| 775 | 08|tLa gestion du spectre au Canada.|w(CaOODSP)9.945455 |
| 776 | 0#|tSpectrum management in Canada / |w(CaOODSP)9.653209 |
| 856 | 40|qPDF|s1.77 MB|uhttps://publications.gc.ca/collections/collection_2024/isde-ised/co22/Co22-116-1992-eng.pdf |